Miejscowości w gminie Popielów z mapą - Statystyki

Ogólne statystyki
  • Ten quiz został rozwiązany 31 razy
  • Średni wynik to 6 z 12
Odpowiedzi na mapie
Odpowiedzi zakodowano w zielono-czerwonej skali na mapie do tego quizu, zgodnie z poniższymi procentami.
 
Statystyki odpowiedzi
Odpowiedź % Poprawnych
Popielów
100%
Popielowska Kolonia
57%
Stare Siołkowice
57%
Stobrawa
57%
Karłowice
43%
Kurznie
43%
Lubienia
43%
Nowe Siołkowice
43%
Rybna
43%
Stare Kolnie
43%
Kaniów
29%
Kuźnica Katowska
29%
Nie znaleziono quizów pasujących do podanych kryteriów
Rozkład punktacji
Procent ludzi z każdym wynikiem
Percentyl według liczby udzielonych odpowiedzi
Twoja historia wyników
Nie rozwiązałeś tego quizu